000 00577nam a22001817a 4500
005 20251108164929.0
008 250721s2010 xx 000 0 ara d
082 1 4 _a216.9261/جوا
100 1 _aالجوارنة، شادي خليفة
245 1 0 _aالإنفاق العام في الاقتصاد الإسلامي /
264 1 _aعمان :
_bدار عماد الدين للنشر،
_c2010.
300 _a187ص.
650 1 7 _aالاسلام
650 1 7 _aالاقتصاد الاسلامي
650 1 7 _aالنفقات العامة
942 _2ddc
_cBK
999 _c17706
_d17706